000 00373nam a2200145Ia 4500
008 230711s9999||||xx |||||||||||||| ||und||
041 _aENG
082 _a624
_bHA-E
100 _aHajra,Choudhury
245 0 _aElements of workshop technology
250 _a1st . . . Ed.
260 _c1994
_aBombay
_bMedia Promoters Bombay
650 _aMechanical Engineering
942 _cBK
999 _c3055
_d3055